000 00241 a2200097 4500
001 51177
100 _aMoonis Ahmar
245 _aSuperpower Rivalry in the Indian Ocean
260 _aKarachi
_bUniversity of Karachi
_c
090 _c32405
_d32405
942 _aNUST-CAE
_cM
_c24898
999 _c286250
_d286250